000 00520nam a2200181Ia 4500
005 20230516104517.0
008 131103s9999 xx 000 0 und d
040 _aLoreto College
041 _aEnglish
082 _a823.91
_bMAN-KAP
100 _aKaplan,Sydney Janet
245 _aKatherine Mansfield and the origins of Modernist Fiction
_cSydney Janet Kaplan
260 _aIthaca and London
_bCornell University Press
_c1991
300 _a233 p.
650 _aFiction in English
850 _aLCLIB
942 _cBK
999 _c16594
_d67073